Sports Quiz

Random Sports or NHL Quiz
Score 0/16 Timer 03:00
0 Plays Today
Wins Player % Correct
33Patrick Roy
97.1%
30Ron Hextall
97.1%
23Grant Fuhr
97.1%
37Mike Vernon
95.7%
28John Vanbiesbrouck
95.7%
28Kelly Hrudey
94.2%
20Tom Barrasso
92.8%
20Kirk McLean
82.6%
Wins Player % Correct
22Sean Burke
81.2%
20Brian Hayward
62.3%
21Greg Stefan
55.1%
22Greg Millen
52.2%
25Glenn Healy
47.8%
22Peter Sidorkiewicz
44.9%
21Alain Chevrier
39.1%
20Pete Peeters
31.9%
Remove Ads.
Support Sporcle.
Get the best of Sporcle when you Go Orange. This ad-free experience offers more features, more stats, and more fun while also helping to support Sporcle. Thank you for becoming a member.

You're not logged in!

Compare scores with friends on all Sporcle quizzes.
OR
Log In

Show Comments

Extras

Top Quizzes Today


Score Distribution

Your Account Isn't Verified!

In order to create a playlist on Sporcle, you need to verify the email address you used during registration. Go to your Sporcle Settings to finish the process.

Report this User

Report this user for behavior that violates our Community Guidelines.

Details: